Statistics for Senegal Country Quiz

Click here to take the quiz!

General Stats

  • This quiz has been taken 6,893 times
    (6,862 since last reset)
  • The average score is 12 of 17

Answer Stats

Clue Answer % Correct
Bordering countriesMauritania
92%
Bordering countriesMali
92%
Bordering countriesGambia
91%
Bordering countriesGuinea
91%
Official languageFrench
91%
Capital cityDakar
86%
Bordering countriesGuinea-Bissau
86%
The island of Gorée was supposedly a center of the Transatlantic _____ tradeSlave
80%
The above is the _____most city on the Afro-Eurasian mainlandWestern
80%
National animalLion
65%
Type of animal that killed 25 fisherman over a ten-year period on that riverHippopotamus
60%
Semi-arid zone south of the Sahara that includes much of SenegalSahel
60%
Colonial capital of Senegal hint: it shares its name with a city in MissouriSaint-Louis
54%
Legume, inaccurately called a nut, that accounts for 3% of exportsPeanuts
51%
Longest riverSenegal
41%
Senegalese footballer who led the Premier League in goals scored
playing with Liverpool in 2018–19
Sadio Mané
40%
Largest ethnic group hint: starts with WWolof
25%

Score Distribution

Percentile by Number Answered

Percent of People with Each Score

Your Score History

You have not taken this quiz since the last reset